Ποίηση '75

Saved in:
Bibliographic Details
Other Authors: Νιάρχος, Θανάσης Θ., 1945- (Editor), Φωστιέρης, Αντώνης, 1953- (Editor)
Format: Book
Language:Greek
Published: Αθήνα : Μικρή Άρκτος, 1975.
Subjects:
Tags: Add Tag
No Tags, Be the first to tag this record!

MARC

LEADER 00000cam a2200000 i 4500
001 1/7700
008 100520s1975 gr | ||| |||| ||gre||
035 |l 10107960 
040 |a GR-MyUa  |b gre  |e AACR2 
041 0 |a gre 
082 7 |a 889.1   |2 (22) 
245 0 0 |a Ποίηση '75 /   |c [ερανιστές]: Θανάσης Θ. Νιάρχος, Αντώνης Φωστιέρης.  
260 |a Αθήνα :   |b Μικρή Άρκτος,   |c 1975.  
300 |a 171 σ. ;   |c 24 εκ. 
500 |a Διανέμεται δωρεάν με το τεύχ. 5 (Μάϊος 2010) του περιοδικού "Η Λέξη".  
505 8 |a Με ανέκδοτα ποιήματά τους: Κατερίνα Αγγελάκη-Ρούκ, Νάσος Βαγενάς, Ελένη Βακαλό, Χρήστος Ν. Βαλαβανίδης, 'Ολγα Βότση, Νικηφόρος Βρεττάκος, Γιάννης Δάλλας, Ζέφη Δαράκη, Κική Δημουλά, Δημήτρης Δούκαρης, Νίκος Εγγονόπουλος, Ανέστης Ευαγγέλου, Νανά Ησαΐα, Γ. Θέμελης, Κοραλία Θεοτοκά, Έκτωρ Κακναβάτος, Ολυμπία Καράγιωργα, Ζωή Καρέλλη, Ν.Δ. Καρούζος, Γιάννης Κοντός, Γιώργης Κότσιρας, Μαρία Λαϊνά, Τάσος Λειβαδίτης, Γιωργής Μανουσάκης, Γιώργος Μαρκόπουλος, Λία Μεγάλου-Σεφεριάδη, Μελισσάνθη, Ματθαίος Μουντές, Θανάσης Θ. Νιάρχος, Θεοδώρα Ντάκου, Θανάσης Παπαθανασόπουλος, Τ.Κ. Παπατσώνης, Δημήτρης Ποταμίτης, Λευτέρης Πούλιος, Μανώλης Πρατικάκης, Γιάννης Ρίτσος, Τάκης Σινόπουλος, Σωκράτης Λ. Σκαρτσής, Γ.Ξ. Στογιαννίδης, Έλενα Στριγγάρη, Χρίστος Τρύφωνας, Νίκος Φωκάς, Αντώνης Φωστιέρης.  
650 0 |a Greek poetry, Modern  |x Anthologies. 
700 1 |a Νιάρχος, Θανάσης Θ.,   |d 1945-  |e edt 
700 1 |a Φωστιέρης, Αντώνης,   |d 1953-  |e edt 
852 |a INST  |b SAMOS  |e 20100520  |h 889.1 ΝΙΑ  |p 005300031856  |q 005300031856  |t BK  |y 0 
852 |a INST  |b SYROS  |e 20110117  |h 889.1 ΠΟΙ  |p 005500009397  |q 005500009397  |t BK  |y 0 
901 |a BIBL5-2010-3 
901 |a BIBL3-2010-2 
970 |a Σιτζιμή  |b Γιασεμή  |z 20/05/2010